|
|
|
|
| LEADER |
00000naa2a2200000 4500 |
| 001 |
632980 |
| 005 |
20231228101408.0 |
| 035 |
|
|
|a (RuTPU)RU\TPU\conf\34702
|
| 035 |
|
|
|a RU\TPU\conf\34680
|
| 090 |
|
|
|a 632980
|
| 100 |
|
|
|a 20210607d2021 k y0rusy50 ba
|
| 101 |
0 |
|
|a eng
|
| 102 |
|
|
|a RU
|
| 105 |
|
|
|a y z 101zy
|
| 135 |
|
|
|a drgn ---uucaa
|
| 181 |
|
0 |
|a i
|
| 182 |
|
0 |
|a b
|
| 200 |
1 |
|
|a Investigation of acid-base properties of natural materials
|f A. E. Zhimareva, A. P. Chernova, V. A. Kutugin
|g sci. adv. A. P. Chernova
|
| 203 |
|
|
|a Текст
|c электронный
|
| 225 |
1 |
|
|a Химия и химическая технология на иностранном языке (английский)
|
| 300 |
|
|
|a Заглавие с титульного экрана
|
| 320 |
|
|
|a [Библиогр.: с. 235 (3 назв.)]
|
| 461 |
|
1 |
|0 (RuTPU)RU\TPU\conf\34506
|t Химия и химическая технология в XXI веке
|o материалы XXII Международной научно-практической конференции студентов и молодых ученых имени выдающихся химиков Л. П. Кулёва и Н. М. Кижнера, посвященной 125-летию со дня основания Томского политехнического университета, Томск, 17-20 мая 2021 г.
|o в 2 т.
|f Национальный исследовательский Томский политехнический университет (ТПУ) ; Инженерная школа природных ресурсов ; Исследовательская школа химических и биомедицинских технологий
|d 2021
|
| 463 |
|
1 |
|0 (RuTPU)RU\TPU\conf\34508
|t Т. 2
|v [С. 234-235]
|d 2021
|
| 610 |
1 |
|
|a труды учёных ТПУ
|
| 610 |
1 |
|
|a электронный ресурс
|
| 610 |
1 |
|
|a кислотно-основные свойства
|
| 610 |
1 |
|
|a природные материалы
|
| 610 |
1 |
|
|a сорбционные процессы
|
| 610 |
1 |
|
|a сорбенты
|
| 700 |
|
1 |
|a Zhimareva
|b A. E.
|
| 701 |
|
1 |
|a Chernova
|b A. P.
|c chemist
|c Associate Professor of Tomsk Polytechnic University, Candidate of chemical sciences
|f 1984-
|g Anna Pavlovna
|3 (RuTPU)RU\TPU\pers\46620
|9 22278
|
| 701 |
|
1 |
|a Kutugin
|b V. A.
|c Chemical Engineer
|c Associate Professor of Tomsk Polytechnic University, Candidate of Technical Sciences
|f 1983-
|g Viktor Aleksandrovich
|3 (RuTPU)RU\TPU\pers\34840
|9 18177
|
| 702 |
|
1 |
|a Chernova
|b A. P.
|c chemist
|c Associate Professor of Tomsk Polytechnic University, Candidate of chemical sciences
|f 1984-
|g Anna Pavlovna
|4 727
|
| 712 |
0 |
2 |
|a Национальный исследовательский Томский политехнический университет
|b Инженерная школа природных ресурсов
|b Отделение химической инженерии
|3 (RuTPU)RU\TPU\col\23513
|
| 712 |
0 |
2 |
|a Национальный исследовательский Томский политехнический университет
|b Инженерная школа новых производственных технологий
|b Научно-образовательный центр Н. М. Кижнера
|3 (RuTPU)RU\TPU\col\23556
|
| 801 |
|
2 |
|a RU
|b 63413507
|c 20210625
|g RCR
|
| 856 |
4 |
|
|u http://earchive.tpu.ru/handle/11683/67763
|
| 942 |
|
|
|c BK
|